Kết cấu và tính toán động cơ đốt trong. Tập 2 /

Na minha lista:
Detalhes bibliográficos
Autor principal: Đoàn Nồng
Outros Autores: Hồ Tấn Chuẩn, Trần Văn Tế, Phạm Văn Thể, Nguyễn Tất Tiến
Formato: Livro
Idioma:Vietnamese
Publicado em: H. : Giáo dục , 1996
Edição:Tái bản lần thứ 3
Assuntos:
Tags: Adicionar Tag
Sem tags, seja o primeiro a adicionar uma tag!
Thư viện lưu trữ: Thư viện Trường CĐ Kỹ Thuật Cao Thắng
LEADER 00827nam a2200241 a 4500
001 TVCDKTCT30
003 Thư viện trường Cao đẳng Kỹ thuật Cao Thắng
005 20050728000000
008 050728
980 \ \ |a Thư viện Trường CĐ Kỹ Thuật Cao Thắng 
024 |a RG_1 #1 eb0 i1 
041 0 # |a vie 
082 # # |a 621.4 /   |b H450CH-K 
100 1 # |a Đoàn Nồng 
245 0 0 |a Kết cấu và tính toán động cơ đốt trong. Tập 2 /  |c Đoàn Nồng, ...[et al.] 
250 # # |a Tái bản lần thứ 3 
260 # # |a H. :  |b Giáo dục ,  |c 1996 
300 # # |a 267tr. ;  |c 24 cm 
650 # 4 |a Động cơ đốt trong 
700 0 # |a Hồ Tấn Chuẩn 
700 0 # |a Trần Văn Tế 
700 0 # |a Phạm Văn Thể 
700 0 # |a Nguyễn Tất Tiến